000 00562nam a2200181Ia 4500
003 GCL
008 140319s9999 xx 000 0 ara d
040 _aGCL /
_cGCL
082 0 4 _a813.03
_bم ت
100 1 _aمحمد البساطى
245 1 0 _aالتاجر والنقاش /
_cمحمد البساطى
300 _a179 ص
490 _aروايات الثقافة الجديدة
_v0
650 0 4 _aالقصص العربية
650 0 4 _aالادب العربى - العصر الحديث
650 0 4 _aالقصص العربية - مصر
942 _2ddc
_cBK
999 _c39947
_d39947